| 000 | 00728nam a2200253Ia 4500 | ||
|---|---|---|---|
| 003 | OSt | ||
| 005 | 20220925200329.0 | ||
| 006 | a|||||r|||| 00| 0 | ||
| 007 | ta | ||
| 008 | 220923b |||||||| |||| 00| 0 eng d | ||
| 037 | _cGeneral Book | ||
| 040 |
_aRTL _cRTL _beng |
||
| 041 |
_2eng _aeng |
||
| 082 | _aX0gY, M5 | ||
| 100 |
_aSufrin Sidney C _9102622 |
||
| 245 | 0 | _aBusiness and politics of economic responsibilities | |
| 260 |
_aDelhi _bAjanta publishers _c1985 |
||
| 300 |
_a177p _ccm. |
||
| 500 | _aBibliography Chapterwise | ||
| 650 | _aEconomics IRT Sociology | ||
| 700 | _a Ashton Thomas L | ||
| 942 |
_hX0gY, M5 _cGB _2CC |
||
| 999 |
_c536222 _d536222 |
||